Types of Weapons in Videogames - Statistics

General Stats
  • This quiz has been taken 230 times
  • The average score is 4 of 12
Answer Stats
Answer % Correct
Pistol
78%
Shotgun
61%
Sniper
60%
Knife
55%
AR
41%
SMG
41%
Grenade
27%
RPG
27%
LMG
25%
Minigun
13%
DMR
6%
Grenade launcher
6%
No matching quizzes found
Score Distribution
Percent of People with Each Score
Percentile by Number Answered
Your Score History
You have not taken this quiz